00929nam a2200265 i 4500001000700000003000900007005001700016007000300033008004100036080002300077080002300100080002100123100003600144245006500180250001200245260005800257300002900315500001400344650003900358651004500397651004800442852003200490999001900522952012200541129227ES-MaACL20250822155655.0t|070608s1968 sp ||||1| spa d a7(462.21 Trujillo) a914.622.1 Trujillo a946.221.Trujillo1 aTena Fernández, Juan.910968810aTrujillo histórico y monumental / cJuan Tena Fernández. a1ª ed. a[Alicante : bs.n., c1968] (fArt. Gráf. Alicante) a54 p. : bil. ; c32 cm. aRet. Aut.14aArte-zTrujillo (Cáceres)910143 0aTrujillo (Cáceres)- xHistoria9234057 4aTrujillo (Cáceres)- xDescripción99458 aES-MaACLjC-29275 bR.67330 c129227d129227 00104070aATENEOMbATENEOMcDEPO2d2008-01-17eSCl0oC-29275p1134574r2023-02-23 00:00:00w2023-02-23yMONOGRAFIA